Nepriame elektrochemické stanovenie síranov diplomová práca

Gespeichert in:
Bibliographische Detailangaben
1. Verfasser: Jankuv, Lukáš
Format: Buch
Sprache:Slowakisch
Veröffentlicht: Bratislava STU FCHPT 2013
Online-Zugang:Im OPAC anzeigen
Tags: Tag hinzufügen
Keine Tags, Fügen Sie das erste Tag hinzu!

MARC

LEADER 00000nam a2200000 a 4500
005 20260127134113.0
008 140617 2014 000 0 slo d
035 |a vtls010603879 
039 9 |y 201406171007  |z mschk03 
040 |a STUSCHK1  |b slo  |c STUSCHK1  |e AACR2 
100 1 |a Jankuv, Lukáš 
245 1 |a Nepriame elektrochemické stanovenie síranov  |b diplomová práca  |c Lukáš Jankuv 
260 |a Bratislava  |b STU FCHPT  |c 2013 
300 |a 36 s.  |b il.  |c 30 cm 
500 |a Obhájené: 9.6.2013 
500 |a Štud. program: technická chémia 
500 |a Štud. odbor: chémia 
500 |a Škol. pracovisko: Odd. analytickej chémie 
500 |a E3vid. číslo: FCHPT-5459-68546 
910 |a SCHK95 
999 |c 4172  |d 4172